Anatomie van de plant: meerkeuze - Statistieken

Algemene statistieken
  • Deze quiz is 30 keer genomen
  • De gemiddelde score is 8 van 15
Antwoordstatistieken
Vraag Antwoord % Correct
Wat vormt de verbinding tussen een blad en een stengel? De bladsteel
80%
Welke uitspraak over huidmondjes is waar? De huidmondjes maken de opname van voldoende koolstofdioxide mogelijk
80%
Wat zijn de functies van bladeren? Fotosynthese en verdamping van water
80%
Wat wordt er getransporteerd bij neerwaarts transport? Fotosyntheseproducten
80%
Welke rol hebben bladeren in de waterhuishouding van een boom? Door water te laten verdampen maken zij opwaarts transport mogelijk
60%
Welke uitspraak is waar? Het deel van de stengel dat secundaire groei vertoont, zal niet meer primair kunnen groeien
60%
Welke twee functies hebben de stengels van een boom? Transport en ondersteuning
60%
Welke uitspraak is waar? Bladeren en vertakkingen ontstaan ter hoogte van knopen
40%
Waar op het blad van een loofboom bevinden zich de huidmondjes? Over de hele onderzijde
40%
Via welke processen groeien wortels? Via primaire groei aan de uiteinden en secundaire groei
40%
Wat wordt er getransporteerd bij opwaarts transport? Water en mineralen
40%
Wat zijn twee functies van wortels? Wateropname en verankering
40%
Welke uitspraak over chlorofyl is NIET waar? Bladeren bevatten minder chlorofyl dan stengels
20%
Bij welk type groei hoort internodale groei? Primaire groei van stengels
20%
Welke uitspraak over wortels is waar? Wortels zijn het eerste orgaan dat ontstaat uit een zaad
20%
Geen overeenkomende quizzen gevonden
Scoreverdeling
Procent van Mensen met Elke Score
Percentiel versus Aantal Correcte Antwoorden
Uw Scoregeschiedenis
U heeft deze quiz nog niet genomen